Percy Jackson Books - Statistics

General Stats
  • This quiz has been taken 112 times
  • The average score is 13 of 25
Answer Stats
Series Title % Correct
Percy Jackson & The Olympians The Sea of Monsters
93%
Percy Jackson & The Olympians The Last Olympian
89%
Percy Jackson & The Olympians The Lightning Thief
88%
The Heroes of Olympus The Son of Neptune
80%
The Heroes of Olympus The Lost Hero
76%
The Heroes of Olympus The Mark of Athena
76%
Percy Jackson & The Olympians The Titan's Curse
76%
Percy Jackson & The Olympians The Battle of the Labyrinth
74%
The Heroes of Olympus The Blood of Olympus
71%
The Heroes of Olympus The House of Hades
71%
The Nico di Angelo Adventures The Sun and the Star
56%
The Senior Year Adventures The Chalice of the Gods
49%
The Kane Chronicles The Red Pyramid
39%
The Senior Year Adventures Wrath of the Triple Goddess
39%
The Trials of Apollo The Hidden Oracle
37%
Magnus Chase and the Gods of Asgard The Sword of Summer
37%
The Trials of Apollo The Burning Maze
35%
The Nico di Angelo Adventures The Court of the Dead
34%
The Trials of Apollo The Tower of Nero
34%
Magnus Chase and the Gods of Asgard The Hammer of Thor
33%
Magnus Chase and the Gods of Asgard The Ship of the Dead
31%
The Trials of Apollo The Tyrant's Tomb
28%
The Trials of Apollo The Dark Prophecy
26%
The Kane Chronicles The Serpent's Shadow
25%
The Kane Chronicles The Throne of Fire
25%
No matching quizzes found
Score Distribution
Percent of People with Each Score
Percentile by Number Answered
Your Score History
You have not taken this quiz